000 00803nam a2200229Ii 4500
003 JO-AjNU
008 230605s9999||||xx |||||||||||||| ||und||
017 _a14743/2010
020 _a978-977-6253-24-7
040 _aJO-AjNU
_bara
_erda
_cJO-AjNU
041 _aara
050 1 4 _aK845.E44.K43.2010
100 3 _a خبابة، أمينة ,
_eauthor
_943933
245 0 0 _aالتحكيم الإلكترونى في التجارة الإلكترونية " دراسة مقارنة "
250 _a(د،ط)
264 3 1 _aالمنصورة : دار الفكر والقانون ، 2010
300 _a207ص
336 _atext
_btxt
_2rdacontent
337 _aunmediated
_bn
_2rdamedia
338 _avolume
_bnc
_2rdacarrier
650 4 _aتحكيم الكتروني -- تجارة الكترونية
_943934
999 _aA18927
_c22495
_d22495